000 01253nas a2200385 4500
001 BR2012001993
003 BR-BrBNA
005 20231205120322.0
007 ta
008 230509b bl.|||p| |||| 00| 00por d
040 _aBR-BrBNA
_bpor
_cBiblioteca Nacional de Agricultura
041 _a(Pt)
072 _aL02; L20
100 1 _aOliveira, M.R.
100 1 _aNeumann, M.
100 1 _aFaria, M.V.
100 1 _aNeri, J.
245 1 _aComportamento de novilhos confinados com silagens de milho oriundas de diferentes estádios de maturação e níveis de concentrado na dieta
246 1 _aPerformance of confined steers fed maize of different maturity stages and levels of concentrate in the diet
650 _aMILHO
650 _aZEA MAYS
650 _aMATURAÇÃO
650 _aSILAGEM
650 _aFORRAGEM
650 _aMATÉRIA SECA
650 _aALIMENTAÇÃO PARA ANIMAL
650 _aDIETA
650 _aRUMINAÇÃO
650 _aÉPOCA DE CORTE
650 _aCOMPORTAMENTO ANIMAL
650 _aHÁBITO ALIMENTAR
773 0 _tRevista Brasileira de Milho e Sorgo (Brazil)
_xISSN 1676-689X
_g(May-Aug 2011), v. 10(2) p. 56-65
_wBR2012001993
909 _a202311
_bLúcia
_c55
_dLúcia Elande
942 _2AGRIS
_n0
_cANA
999 _c217927
_d217927